| 000 | 00851nam a22002417a 4500 | ||
|---|---|---|---|
| 005 | 20130527121545.0 | ||
| 010 | _aENG-107168 | ||
| 020 |
_a9788120347199 _c895.00 |
||
| 035 | _aEN-90701 | ||
| 037 | _bDBAD/PUB | ||
| 082 | _a005.5 | ||
| 100 | _aKrieger, Stephanie | ||
| 245 |
_aDocuments, presentations, and workbooks : _cby Stephanie Krieger _busing Microsoft Office to create content that gets noticed / |
||
| 260 |
_aNew Delhi _bPHI Learning _cc2013 |
||
| 270 |
_aRimjhim House,111, Patparganj Industrial Estate _bNew Delhi _e110092 |
||
| 300 |
_axxv,835p.: _c25cm(pbk) _bill. |
||
| 500 | _aIncludes index | ||
| 650 |
_aElectronic spreadsheets _x Computer programs. |
||
| 650 | _a Presentation graphics software. | ||
| 650 | _aWord processing. | ||
| 650 |
_a Business _xComputer programs. |
||
| 942 |
_2ddc _cEN _mKRI _h005.5 |
||
| 999 |
_c76009 _d76009 |
||